000 00409pab a2200169 454500
008 180718b2008 xxu||||| |||| 00| 0 eng d
100 _aChandra, Kanchan
245 _aMeasuring the effect of "ethnicity"
260 _c2008
300 _ap.513-63.
362 _aApr-May
650 _aEthnicity
700 _aWilkinson, Steven
773 _aComparative Political Studies
908 _aN
909 _a78516
999 _c78516
_d78516